| 000 | 00377nam a22001457a 4500 | ||
|---|---|---|---|
| 020 | _a8122418252 | ||
| 082 |
_222 _a551.48 |
||
| 100 | _aRaghunath, H. M. | ||
| 245 |
_aHydrology ; _bprinciple analysis design / |
||
| 250 | _a2nd. | ||
| 260 |
_aNew Delhi, _bNew Age International, _cc2011. |
||
| 300 |
_axii,463 p. ; _bill. ; _c24 cm |
||
| 942 |
_2ddc _cMEC _032 |
||
| 999 |
_c3518 _d3518 |
||
| 999 |
_c3744 _d3744 |
||